Matrix foundation

Sparad:
Bibliografiska uppgifter
Huvudupphovsman: Wildman, Jayne
Materialtyp: Bok
Språk:Undetermined
Publicerad: Oxford Oxford University Press 2005
Ämnen:
Taggar: Lägg till en tagg
Inga taggar, Lägg till första taggen!
Thư viện lưu trữ: Trung tâm Học liệu Trường Đại học Cần Thơ
LEADER 00517nam a2200193Ia 4500
001 CTU_121946
008 210402s9999 xx 000 0 und d
082 |a 428.34 
082 |b W674/Cas.1 
100 |a Wildman, Jayne 
245 0 |a Matrix foundation 
245 0 |c Jayne Wildman 
260 |a Oxford 
260 |b Oxford University Press 
260 |c 2005 
650 |a English language 
650 |x Textbooks for foreign speakers 
904 |i M.Loan 
980 |a Trung tâm Học liệu Trường Đại học Cần Thơ